Pokémon - Maître de la Ligue - Cynthia (N/B/N2/B2) - Statistiques

Statistiques générales
  • Ce quiz a été pris 32 fois
  • Le résultat moyen est 109 sur 153
Statistiques - réponses
Hint Réponse % Correct
Type Sol
100%
Type Dragon
92%
Type Eau
92%
Type Acier
85%
Capacités Ball'Ombre
85%
Capacités Cage-Éclair
85%
Carchacrok
85%
Capacités Close Combat
85%
Type Combat
85%
Capacités Dracocharge
85%
Capacités Dracochoc
85%
Type Glace
85%
Capacités Lance-Flamme
85%
Milobellus
85%
Type Normal
85%
Type Plante
85%
Capacités Psyko
85%
Capacités Séisme
85%
Type Spectre
85%
Type Ténèbres
85%
Type Vol
85%
Niv 75
77%
Niv 76
77%
Niv 77
77%
Niv 78
77%
Capacités Aurasphère
77%
Capacités Dracogriffe
77%
Type Électrik
77%
Capacités Feu Follet
77%
Capacités Lame d'Air
77%
Capacités Lame de Roc
77%
Capacités Laser Glace
77%
Talent Lévitation
77%
Lucario
77%
Capacités Luminocanon
77%
Ohmassacre
77%
Type Poison
77%
Talent Pression
77%
Roserade
77%
Spiritomb
77%
Togekiss
77%
Capacités Vibraqua
77%
Capacités Blizzard
69%
Capacités Bomb-Beurk
69%
Capacités Déflagration
69%
Givrali
69%
Capacités Griffe Ombre
69%
Gueriaigle
69%
Capacités Hydrocanon
69%
Capacités Mâchouille
69%
Capacités Rapace
69%
Capacités Vibrobscur
69%
Capacités Vit. Extrême
69%
Capacités Coup Bas
62%
Capacités Éclategriffe
62%
Capacités Nœud Herbe
62%
Objet Orbe Vie
62%
Capacités Rayon Signal
62%
Capacités Repos
62%
Capacités Tempêteverte
62%
Talent Voile Sable
62%
Capacités Abri
54%
Objet Ceinture Force
54%
Capacités Colère
54%
Capacités Danse-Lames
54%
Capacités Draco-Queue
54%
Talent Écaille Spé.
54%
Capacités Éclair Fou
54%
Talent Impassible
54%
Objet Casque Brut
46%
Objet Mouchoir Choix
46%
Capacités Piétisol
46%
Objet Restes
46%
Talent Agitation
38%
Capacités Hypnose
38%
Talent Rideau Neige
38%
Capacités Dévorêve
31%
Objet Herbe Blanche
31%
Capacités Poudre Dodo
31%
Capacités Reflet
31%
Talent Sans Limite
31%
Capacités Balance
23%
Capacités Bouclier
8%
Capacités Vengeance
8%
Capacités Attraction
0%
Aucun quiz correspondant
Distribution des résultats
% des personnes avec chaque résultat
Percentile par nombre de réponses
Votre historique - résultats
Vous n’avez pas pris ce quiz